Las raíces históricas del cuento

Uloženo v:
Podrobná bibliografie
Hlavní autor: Propp, V. IA (Autor)
Médium: Kniha
Jazyk:španělština
Vydáno: Madrid Fundamentos 1987
Vydání:5a. ed
Edice:Colección Arte Serie Crítica, 50
Témata:
Tagy: Přidat tag
Žádné tagy, Buďte první, kdo vytvoří štítek k tomuto záznamu!

MARC

LEADER 00000nam a2200000 a 4500
001 UCY3098
003 CL-VaPUC
008 941212e19870000SP |||||||||||||||||spa|d
082 0 4 |a 809.3  |b PRO  |2 21 
100 0 |a Propp, V. IA  |e author  |9 331301 
245 1 4 |a Las raíces históricas del cuento 
250 |a 5a. ed 
300 |a 535 p 
942 |c BK 
945 |d 19941212 00:00:00  |a mfernand 
260 |a Madrid  |b Fundamentos  |c 1987 
650 0 |a Cuento  |9 316426 
650 0 |a Literatura folklórica  |9 306605 
650 0 |a Historia y crítica   |9 257407 
583 |a last modification  |c 19941212 00:00:00  |k Rodrigo Vera 
490 0 |a Colección Arte Serie Crítica, 50 
999 |c 231328  |d 231326 
952 |0 0  |1 0  |4 0  |6 809_300000000000000_PRO_1987  |7 0  |8 A  |9 234474  |a BIBEDU  |b BIBEDU  |d 2019-11-15  |i 3034305  |o 809.3 PRO 1987  |p 3034305  |r 2019-11-15  |w 2019-11-15  |y BK  |k EPE